[Event "URS"]
[Site "Soviet Union"]
[Date "1987.??.??"]
[Round "?"]
[White "Agapov, Konstantin"]
[Black "Epishin, Vladimir"]
[Result "0-1"]
[WhiteElo "2395"]
[BlackElo "2400"]
[PlyCount "86"]
[EventDate "1987.??.??"]
[EventType "game"]
[EventRounds "9"]
[EventCountry "URS"]
[SourceTitle "EXT 2010"]
[Source "ChessBase"]
[SourceDate "2010.11.25"]
[SourceVersion "1"]
[SourceVersionDate "2010.11.25"]
[SourceQuality "1"]

1. e4 c5 2. Nf3 d6 3. d4 cxd4 4. Nxd4 Nf6 5. Nc3 e6 6. Be3 Be7 7. f4 0-0 8. Qf3 e5 9. Nf5 Bxf5 10. exf5 Nbd7 11. 0-0-0 Qa5 12. Bc4 Rac8 13. Bb3 Rxc3 14. bxc3 d5 15. Bd2 Rc8 16. Kb1 e4 17. Qh3 h5 18. c4 Qc7 19. cxd5 Bd6 20. Bc1 b5 21. Rd4 a5 22. a4 Nb6 23. axb5 a4 24. Rxa4 Nxa4 25. Bxa4 Qa5 26. Bb3 Rc3 27. Qh4 e3 28. Re1 Bb4 29. Re2 Ne4 30. Qxh5 Rxb3+ 31. cxb3 Nc3+ 32. Kc2 Qa1 33. Kd3 Qxc1 34. Rxe3 Qf1+ 35. Re2 Qd1+ 36. Kc4 Nxe2 37. Kxb4 Qd2+ 38. Ka3 Qa5+ 39. Kb2 Qc3+ 40. Ka3 Nd4 41. Qd1 Nc2+ 42. Ka2 Nb4+ 43. Kb1 Nd3 0-1

[Event "Leningrad-ch"]
[Site "Leningrad"]
[Date "1987.??.??"]
[Round "?"]
[White "Agapov, Konstantin"]
[Black "Yermolinsky, Alex"]
[Result "1-0"]
[WhiteElo "2395"]
[BlackElo "2425"]
[PlyCount "81"]
[EventDate "1987.??.??"]
[EventType "tourn"]
[EventRounds "17"]
[EventCountry "URS"]
[SourceTitle "EXT 2002"]
[Source "ChessBase"]
[SourceDate "2001.11.25"]
[SourceVersion "1"]
[SourceVersionDate "2001.11.25"]
[SourceQuality "1"]

1. e4 c5 2. Nf3 d6 3. d4 cxd4 4. Nxd4 Nf6 5. Nc3 e6 6. g4 h6 7. Bg2 Nc6 8. h3 Qc7 9. Be3 a6 10. Qe2 Ne5 11. Rd1 g5 12. 0-0 Be7 13. Nb1 h5 14. f3 Rg8 15. Nd2 b6 16. c4 Bb7 17. Rc1 Rc8 18. Rfd1 Qb8 19. Nf1 hxg4 20. hxg4 Nfd7 21. Ng3 Ng6 22. Qf2 Nf4 23. Bf1 Bf6 24. b4 Be5 25. Nb3 Rh8 26. Bd4 Ke7 27. Rc2 Bc6 28. Rcd2 Ba4 29. Bxe5 Nxe5 30. Qe3 Nxc4 31. Bxc4 Rxc4 32. Rxd6 Rc2 33. Nf5+ exf5 34. exf5+ Kf8 35. Rd8+ Kg7 36. f6+ Kh6 37. Rxb8 Rxb8 38. Rd2 Bxb3 39. axb3 Rxd2 40. Qxd2 Re8 41. Qd7 1-0

[Event "Leningrad-ch"]
[Site "Leningrad"]
[Date "1987.??.??"]
[Round "?"]
[White "Lukin, Andrei M"]
[Black "Agapov, Konstantin"]
[Result "1-0"]
[WhiteElo "2445"]
[BlackElo "2395"]
[PlyCount "73"]
[EventDate "1987.??.??"]
[EventType "tourn"]
[EventRounds "17"]
[EventCountry "URS"]
[SourceTitle "EXT 2002"]
[Source "ChessBase"]
[SourceDate "2001.11.25"]
[SourceVersion "1"]
[SourceVersionDate "2001.11.25"]
[SourceQuality "1"]

1. e4 e5 2. Nf3 Nc6 3. Bb5 a6 4. Ba4 Nf6 5. 0-0 Be7 6. d3 b5 7. Bb3 0-0 8. a4 Bb7 9. Re1 d6 10. c3 Re8 11. Nbd2 Bf8 12. Nf1 h6 13. Ng3 Na5 14. Bc2 c5 15. d4 cxd4 16. cxd4 Qc7 17. axb5 axb5 18. Bd3 b4 19. Bd2 exd4 20. Nxd4 d5 21. Bb5 Reb8 22. e5 Ne4 23. Bf4 Rd8 24. Ngf5 Qb6 25. Qg4 Kh8 26. Be3 Nb3 27. Rxa8 Rxa8 28. Nxb3 Qxb5 29. Bd4 Ng5 30. e6 fxe6 31. Nxh6 Ne4 32. Qxe6 Kh7 33. Qf5+ Kh8 34. Rxe4 Qc6 35. Nf7+ Kg8 36. Re1 Qc4 37. Ng5 1-0

[Event "URS"]
[Site "Soviet Union"]
[Date "1986.??.??"]
[Round "?"]
[White "Temirbayev, Serikbay"]
[Black "Agapov, Konstantin"]
[Result "1/2-1/2"]
[WhiteElo "2380"]
[BlackElo "2365"]
[PlyCount "33"]
[EventDate "1986.??.??"]
[EventType "game"]
[EventRounds "9"]
[EventCountry "URS"]
[SourceTitle "EXT 2008"]
[Source "ChessBase"]
[SourceDate "2007.11.25"]
[SourceVersion "1"]
[SourceVersionDate "2007.11.25"]
[SourceQuality "1"]

1. d4 Nf6 2. c4 c5 3. d5 e6 4. Nc3 exd5 5. cxd5 d6 6. e4 g6 7. f4 Bg7 8. Bb5+ Nfd7 9. Bd3 0-0 10. Nf3 Na6 11. 0-0 Nc7 12. Kh1 a6 13. a4 b6 14. f5 Re8 15. Bg5 Bf6 16. Bxf6 Qxf6 17. Qd2 1/2-1/2

[Event "URS"]
[Site "Soviet Union"]
[Date "1985.??.??"]
[Round "?"]
[White "Agapov, Konstantin"]
[Black "Malaniuk, Vladimir P"]
[Result "0-1"]
[WhiteElo "2385"]
[BlackElo "2490"]
[PlyCount "78"]
[EventDate "1986.??.??"]
[EventType "game"]
[EventRounds "9"]
[EventCountry "URS"]
[SourceTitle "EXT 2008"]
[Source "ChessBase"]
[SourceDate "2007.11.25"]
[SourceVersion "1"]
[SourceVersionDate "2007.11.25"]
[SourceQuality "1"]

1. e4 e6 2. d4 d5 3. Nc3 Bb4 4. e5 c5 5. Qg4 Ne7 6. Nf3 Nbc6 7. a3 Ba5 8. Qxg7 Rg8 9. Qxh7 cxd4 10. b4 Nxb4 11. axb4 Bxb4 12. Bd2 Bxc3 13. Bxc3 dxc3 14. h4 Qc7 15. h5 Bd7 16. h6 Kf8 17. Qd3 Rg4 18. Be2 Ng6 19. h7 Kg7 20. Qe3 a6 21. Bd3 Kh8 22. Qh6 Rxg2 23. Kf1 Rg4 24. Rg1 Rxg1+ 25. Kxg1 Qc5 26. Bxg6 fxg6 27. Nh4 Be8 28. Rd1 Qe7 29. Rd3 Qg7 30. Qg5 Rc8 31. Rf3 Kxh7 32. Rf6 Bf7 33. Nf3 Kg8 34. Qe3 Rc4 35. Ng5 Rg4+ 36. Kf1 Be8 37. f3 d4 38. Qc1 Qh6 39. Rf8+ Qxf8 0-1

[Event "URS-chT Cup 13th"]
[Site "Kiev"]
[Date "1984.05.19"]
[Round "4"]
[White "Ivanov, Alexander"]
[Black "Agapov, Konstantin"]
[Result "0-1"]
[WhiteElo "2425"]
[BlackElo "2335"]
[PlyCount "54"]
[EventDate "1984.05.14"]
[EventType "team-tourn"]
[EventRounds "7"]
[EventCountry "URS"]
[SourceTitle "EXT 2020"]
[Source "ChessBase"]
[SourceDate "2019.10.17"]
[SourceVersion "1"]
[SourceVersionDate "2019.10.17"]
[SourceQuality "1"]
[WhiteTeam "Lokomotiv"]
[BlackTeam "Spartak"]
[WhiteTeamCountry "URS"]
[BlackTeamCountry "URS"]

1. e4 e5 2. Nf3 Nc6 3. Bb5 a6 4. Ba4 Nf6 5. 0-0 Be7 6. Re1 b5 7. Bb3 0-0 8. c3 d5 9. exd5 Nxd5 10. Nxe5 Nxe5 11. Rxe5 c6 12. Re1 Bd6 13. g3 Qd7 14. d3 Qh3 15. Re4 Qf5 16. Nd2 Qg6 17. Re1 f5 18. c4 f4 19. Ne4 fxg3 20. fxg3 Bg4 21. Qc2 bxc4 22. dxc4 Rae8 23. cxd5 Bf3 24. dxc6+ Kh8 25. Bd2 Rxe4 26. Rxe4 Bxe4 27. Qc3 Qf5 0-1

[Event "Leningrad-ch57"]
[Site "Leningrad"]
[Date "1984.??.??"]
[Round "?"]
[White "Agapov, Konstantin"]
[Black "Barkovsky, Eduard Vasilyevich"]
[Result "1-0"]
[WhiteElo "2335"]
[BlackElo "2285"]
[PlyCount "50"]
[EventDate "1984.04.??"]
[EventType "tourn"]
[EventRounds "17"]
[EventCountry "URS"]
[SourceTitle "EXT 2012"]
[Source "ChessBase"]
[SourceDate "2011.11.24"]
[SourceVersion "1"]
[SourceVersionDate "2011.11.24"]
[SourceQuality "1"]

1. e4 c5 2. Nf3 d6 3. d4 cxd4 4. Nxd4 Nf6 5. Nc3 Nc6 6. Bg5 e6 7. Qd2 a6 8. 0-0-0 Bd7 9. f4 b5 10. Nxc6 Bxc6 11. Bd3 Be7 12. e5 dxe5 13. fxe5 Nd7 14. Bxe7 Qxe7 15. Be4 Rc8 16. Bxc6 Rxc6 17. Ne4 Nxe5 18. Nd6+ Kf8 19. Rhe1 f6 20. Nxb5 Rc8 21. Nd6 Rd8 22. Qc3 h5 23. Nc8 Rxd1+ 24. Rxd1 Qe8 25. Qc7 Nf7 1-0

[Event "Leningrad-ch57"]
[Site "Leningrad"]
[Date "1984.??.??"]
[Round "?"]
[White "Osnos, Viatcheslav"]
[Black "Agapov, Konstantin"]
[Result "1-0"]
[WhiteElo "2455"]
[BlackElo "2335"]
[PlyCount "73"]
[EventDate "1984.04.??"]
[EventType "tourn"]
[EventRounds "17"]
[EventCountry "URS"]
[SourceTitle "EXT 2012"]
[Source "ChessBase"]
[SourceDate "2011.11.24"]
[SourceVersion "1"]
[SourceVersionDate "2011.11.24"]
[SourceQuality "1"]

1. d4 Nf6 2. c4 c5 3. d5 e6 4. Nc3 exd5 5. cxd5 d6 6. Nf3 g6 7. g3 Bg7 8. Bg2 0-0 9. 0-0 Re8 10. Nd2 b6 11. h3 Ba6 12. a4 Nbd7 13. Nb5 Bxb5 14. axb5 Qe7 15. Re1 Ne5 16. f4 Ned7 17. Kh2 Nh5 18. e4 c4 19. Ra4 Nc5 20. Rxc4 Qd7 21. Bf1 a6 22. bxa6 b5 23. Rc2 Rxa6 24. e5 Ra4 25. Nf3 Nb3 26. e6 fxe6 27. dxe6 Qb7 28. Bg2 d5 29. Ne5 Nf6 30. Rc3 Nxc1 31. Qxc1 Ne4 32. Rc7 Qb6 33. e7 Bxe5 34. fxe5 Qf2 35. Rxe4 dxe4 36. Rc8 Qf7 37. Qc6 1-0

[Event "Leningrad-ch57 sf Gr2"]
[Site "Leningrad"]
[Date "1983.??.??"]
[Round "?"]
[White "Agapov, Konstantin"]
[Black "Barkovsky, Eduard Vasilyevich"]
[Result "1-0"]
[WhiteElo "2335"]
[BlackElo "2285"]
[PlyCount "51"]
[EventDate "1983.10.??"]
[EventType "tourn"]
[EventRounds "13"]
[EventCountry "URS"]
[SourceTitle "EXT 2011"]
[Source "ChessBase"]
[SourceDate "2010.11.26"]
[SourceVersion "1"]
[SourceVersionDate "2010.11.26"]
[SourceQuality "1"]

1. e4 c5 2. Nf3 d6 3. d4 cxd4 4. Nxd4 Nf6 5. Nc3 a6 6. Bg5 e6 7. f4 Qb6 8. Qd2 Qxb2 9. Rb1 Qa3 10. Be2 Nbd7 11. 0-0 Qc5 12. Kh1 Be7 13. f5 e5 14. Ne6 fxe6 15. fxe6 Nf8 16. Be3 Qa5 17. Rxf6 Bd8 18. e7 gxf6 19. exd8Q+ Qxd8 20. Bb6 Qd7 21. Nd5 Kf7 22. Rf1 Ng6 23. Qh6 Qe6 24. Bc4 Nf4 25. Bb3 f5 26. Nxf4 1-0

[Event "Minsk Sokolsky Memorial-13"]
[Site "Minsk"]
[Date "1983.??.??"]
[Round "?"]
[White "Begun, Sergei M"]
[Black "Agapov, Konstantin"]
[Result "0-1"]
[WhiteElo "2385"]
[BlackElo "2335"]
[PlyCount "72"]
[EventDate "1983.11.12"]
[EventType "tourn"]
[EventRounds "17"]
[EventCountry "URS"]
[SourceTitle "EXT 2014"]
[Source "ChessBase"]
[SourceDate "2013.11.20"]
[SourceVersion "1"]
[SourceVersionDate "2013.11.20"]
[SourceQuality "1"]

1. d4 Nf6 2. c4 c5 3. d5 e6 4. Nc3 exd5 5. cxd5 d6 6. e4 g6 7. Nf3 Bg7 8. Bg5 h6 9. Bh4 a6 10. Nd2 b5 11. Be2 0-0 12. Qc2 Nbd7 13. 0-0 Qc7 14. a4 b4 15. Nd1 Re8 16. Ne3 b3 17. Qb1 Rb8 18. Rc1 Ne5 19. Bg3 Rb4 20. Ra3 Bd7 21. Bxa6 Rd4 22. Bxe5 Rxd2 23. Nc4 Rc2 24. Bxf6 Rxc1+ 25. Qxc1 Bxf6 26. Qf4 Bg5 27. Qxd6 Rxe4 28. f4 Qxd6 29. Nxd6 Rxf4 30. Be2 Bf6 31. Rxb3 Bd4+ 32. Kh1 Rf2 33. Bc4 Rc2 34. Bf1 Rc1 35. Rf3 Bg4 36. Rxf7 Be2 0-1

[Event "Leningrad 83/84"]
[Site "Leningrad"]
[Date "1983.??.??"]
[Round "?"]
[White "Karasev, Vladimir I"]
[Black "Agapov, Konstantin"]
[Result "1-0"]
[WhiteElo "2375"]
[BlackElo "2335"]
[PlyCount "83"]
[EventDate "1983.12.??"]
[EventType "tourn"]
[EventRounds "13"]
[EventCountry "URS"]
[SourceTitle "EXT 2015"]
[Source "ChessBase"]
[SourceDate "2014.11.20"]
[SourceVersion "1"]
[SourceVersionDate "2014.11.20"]
[SourceQuality "1"]

1. c4 c5 2. Nf3 Nc6 3. d4 cxd4 4. Nxd4 Nf6 5. Nc3 e6 6. g3 Qb6 7. Nb3 Ne5 8. e4 Bb4 9. Qe2 a5 10. f4 Neg4 11. e5 a4 12. exf6 Bxc3+ 13. bxc3 axb3 14. fxg7 Rg8 15. h3 Nh6 16. g4 f6 17. Be3 Qa5 18. Qb2 Qa3 19. Qxa3 Rxa3 20. Rh2 Rxg7 21. c5 Ng8 22. Rb2 bxa2 23. Raxa2 Rxa2 24. Rxa2 Kd8 25. Bd4 Rf7 26. Bc4 Ne7 27. g5 fxg5 28. fxg5 Kc7 29. h4 d6 30. cxd6+ Kxd6 31. h5 Bd7 32. Rd2 Be8 33. g6 hxg6 34. h6 Rh7 35. Bg7+ Nd5 36. Bd3 b5 37. Rf2 Ne7 38. Rf8 Bc6 39. Rf7 Kd7 40. Bxg6 Ke8 41. Rf8+ Kd7 42. Bxh7 1-0

[Event "RUS Spartak-ch"]
[Site "Leningrad"]
[Date "1981.??.??"]
[Round "?"]
[White "Agapov, Konstantin"]
[Black "Belov, Lev A"]
[Result "1-0"]
[WhiteElo "2315"]
[BlackElo "2360"]
[PlyCount "58"]
[EventDate "1981.06.26"]
[EventType "tourn"]
[EventRounds "13"]
[EventCountry "URS"]
[SourceTitle "EXT 2014"]
[Source "ChessBase"]
[SourceDate "2013.11.20"]
[SourceVersion "1"]
[SourceVersionDate "2013.11.20"]
[SourceQuality "1"]

1. e4 c5 2. Nf3 d6 3. d4 cxd4 4. Nxd4 Nf6 5. Nc3 a6 6. Bg5 Nbd7 7. f4 Qb6 8. Qd2 Qxb2 9. Nb3 e6 10. Bxf6 gxf6 11. Be2 Qa3 12. 0-0 Be7 13. Kh1 Nc5 14. f5 Bd7 15. fxe6 fxe6 16. e5 fxe5 17. Bh5+ Kd8 18. Rf7 Nxb3 19. cxb3 d5 20. Qe3 Qd6 21. Ne4 Qb4 22. Rxe7 Qxe4 23. Qg5 Kc7 24. Rc1+ Kb6 25. Rxd7 Rac8 26. Bf3 Qb4 27. Qe3+ Ka5 28. a3 Qxa3 29. b4+ Qxb4 1-0